000 00733nam a2200217Ii 4500
003 JO-AjNU
008 230605s9999||||xx |||||||||||||| ||und||
020 _a977-270-287-8
040 _aJO-AjNU
_bara
_erda
_cJO-AjNU
041 _aara
050 1 4 _aPJ7852.A54.A16 2004
100 3 _aتأليف محفوظ، نجيب ؛ إعداد فتحي العشري,
_eauthor
_935936
245 0 0 _aحول العلم والعمل
250 _aط2
264 3 1 _aالقاهرة:الدار المصرية اللبنانية،2004
300 _a223ص
336 _atext
_btxt
_2rdacontent
337 _aunmediated
_bn
_2rdamedia
338 _avolume
_bnc
_2rdacarrier
650 4 _aالأدب العربي - مقالات - محاضرات
_935937
999 _aA14883
_c18451
_d18451